Histoire de France par lettre - M - Statistiques

Statistiques générales
  • Ce quiz a été pris 28 247 fois
  • Le résultat moyen est 13 sur 20
Statistiques - réponses
Indices Réponses % Correct
Pays d'Afrique du Nord sur lequel la France exerça un protectorat entre 1912 et 1956 Maroc
95%
Président de 1981 à 1995, soit quatorze années durant: un record François Mitterrand
93%
Leader mondial du pneumatique fondé à Clermont-Ferrand en 1889 Michelin
90%
Résistant envoyé à Lyon par Charles de Gaulle puis torturé à mort par Klaus Barbie Jean Moulin
86%
Jean-Baptiste Poquelin pour les intimes Molière
86%
Ile africaine aujourd'hui indépendante dont la conquête en 1895 fit 13 morts au cours des combats et 4 498 de maladies Madagascar
84%
Puissante famille florentine qui donna deux reines à la France, Catherine et Marie Médicis
83%
Ilot rocheux normand sur lequel des moines bénédictins fondèrent une abbaye en 965 Mont Saint-Michel
81%
Dynastie du premier Roi des Francs, occupant le trône de 481 à 751 Mérovingiens
78%
1515 Marignan
74%
Colonie grecque fondée par les Phocéens aujourd'hui connue sous le nom de Marseille Massalia
64%
Pays américain siège d'une expédition militaire française entre 1861 et 1867 Mexique
63%
Philosophe des Lumières, auteur de De l'esprit des lois Montesquieu
59%
Commune rattachée à Paris en 1860 où se déclencha la Commune et servant de décor au film Le Fabuleux Destin d'Amélie Poulain Montmartre
53%
"Ami du peuple" assassiné dans sa baignoire par Charlotte Corday en 1793 Jean-Paul Marat
49%
Cardinal succédant à Richelieu en 1643 comme principal ministre d'Etat Jules Mazarin
49%
Reine de France jusqu'à l'annulation de son mariage par le Pape sur demande de son époux Henri IV en 1599 Marguerite de France
29%
Maréchal du Second Empire puis Président de la République, son "J'y suis, j'y reste!" est entré dans l'usage courant Patrice de Mac-Mahon
24%
Victoire de Napoléon III sur les Autrichiens en 1859 dans le cadre de la campagne d'Italie au nom coloré Magenta
17%
Candidat ayant obtenu le meilleur résultat pour un écologiste lors d'un scrutin présidentiel, il célébra également en 2004 le premier mariage entre personnes de même sexe en France Noël Mamère
16%
Aucun quiz correspondant
Distribution des résultats
% des personnes avec chaque résultat
Percentile par nombre de réponses
Votre historique - résultats
Vous n’avez pas pris ce quiz